| 000 | 00440nam a22001697a 4500 | ||
|---|---|---|---|
| 003 | OSt | ||
| 005 | 20170629131311.0 | ||
| 008 | 170629b xxu||||| |||| 00| 0 eng d | ||
| 020 | _a9780241241233 | ||
| 040 | _cRU | ||
| 050 | _aREF | ||
| 110 | _aSt. John Ambulance | ||
| 245 |
_aFirst Aid Manual _bwritten and authorised by the UK's leading first aid providers |
||
| 250 | _a10th ed | ||
| 260 |
_aSlovakia _bDK _c2016 |
||
| 942 |
_2lcc _cREF |
||
| 999 |
_c256598 _d256597 |
||